[Event "Torneo Internazionale"]
[Site "Agard HUN"]
[Date "1976.09.??"]
[Round "1"]
[White "Paoli, Enrico"]
[Black "Estrin, Yakov B."]
[Result "1/2-1/2"]
[WhiteElo "2265"]
[BlackElo "2450"]
[PlyCount "49"]
[EventDate "1976.09.23"]

1. c4 Nf6 2. Nc3 e6 3. e4 d5 4. exd5 exd5 5. d4 Bb4 6. Nf3 O-O 7. Be2 dxc4 8.
O-O Nbd7 9. Bxc4 Nb6 10. Bb3 Bg4 11. h3 Bh5 12. a3 Be7 13. Re1 c6 14. Bf4 Re8
15. Re5 Bd6 16. Rxe8+ Nxe8 17. Bxd6 Qxd6 18. Qd3 Nf6 19. Ne4 Nxe4 20. Qxe4 Bg6
21. Qe2 Nd7 22. Re1 Rd8 23. Nh4 Rf8 24. Nxg6 hxg6 25. Qe4 1/2-1/2

[Event "Torneo Internazionale"]
[Site "Agard HUN"]
[Date "1976.09.??"]
[Round "3"]
[White "Paoli, Enrico"]
[Black "Stoica, Valentin"]
[Result "1/2-1/2"]
[WhiteElo "2265"]
[BlackElo "2315"]
[PlyCount "78"]
[EventDate "1976.09.23"]

1. e4 c5 2. Nf3 d6 3. d4 cxd4 4. Nxd4 Nf6 5. Nc3 e6 6. Be2 Be7 7. O-O a6 8. f4
Qc7 9. Be3 O-O 10. Qe1 b5 11. a3 Bb7 12. Bf3 Nbd7 13. Rd1 Rad8 14. Kh1 Nc5 15.
Bc1 d5 16. e5 Nfe4 17. b4 Na4 18. Nxa4 bxa4 19. Bb2 g6 20. Bg4 Bc8 21. c3 f5
22. exf6 Rxf6 23. c4 Rdf8 24. cxd5 exd5 25. Rc1 Qb7 26. Bxc8 Rxc8 27. Qe3 Bd6
28. g3 Re8 29. Kg2 Bf8 30. Nf3 Rfe6 31. Qd4 Bg7 32. Qxg7+ Qxg7 33. Bxg7 Kxg7
34. Ne5 Nd2 35. Rfd1 Nc4 36. Nxc4 dxc4 37. Rd7+ R8e7 38. Rxe7+ Rxe7 39. Rxc4
Rd7 1/2-1/2

[Event "Torneo Internazionale"]
[Site "Agard HUN"]
[Date "1976.09.??"]
[Round "6"]
[White "Hazai, Laszlo"]
[Black "Paoli, Enrico"]
[Result "1-0"]
[WhiteElo "2430"]
[BlackElo "2265"]
[PlyCount "105"]
[EventDate "1976.09.23"]

1. e4 c5 2. d3 Nc6 3. g3 g6 4. Bg2 Bg7 5. Nc3 d6 6. Be3 Rb8 7. Qd2 e6 8. Nf3
Nge7 9. d4 cxd4 10. Nxd4 O-O 11. O-O d5 12. Rad1 Na5 13. exd5 Nc4 14. Qe2 Nxe3
15. Qxe3 Nxd5 16. Nxd5 exd5 17. Qf4 Be6 18. c3 Qb6 19. Rd2 Rbd8 20. Rfd1 a6 21.
a3 Bd7 22. Ne2 Bb5 23. Qb4 a5 24. Qb3 Qa6 25. Nf4 Bc4 26. Qc2 Bh6 27. Bxd5 Bxf4
28. Bxc4 Rxd2 29. Rxd2 Qxc4 30. Rd4 Qb5 31. a4 Qa6 32. Rxf4 Re8 33. Re4 Rd8 34.
Rd4 Re8 35. Qd2 Re2 36. Rd8+ Kg7 37. Qd4+ Kh6 38. c4 Qc6 39. Rd5 Qe6 40. Kg2 b6
41. Rd6 Qe8 42. Rxb6 Qxa4 43. Rf6 Qe8 44. Rf4 f5 45. Rh4+ Kg5 46. Kh3 h5 47.
Qg7 f4 48. Rxf4 Qe6+ 49. Kg2 h4 50. Rxh4 Qc6+ 51. Kf1 Re8 52. Qh6+ Kf6 53. Qf4+
1-0

[Event "Torneo Internazionale"]
[Site "Agard HUN"]
[Date "1976.09.??"]
[Round "7"]
[White "Paoli, Enrico"]
[Black "Spiridonov, Nikola"]
[Result "0-1"]
[WhiteElo "2265"]
[BlackElo "2490"]
[PlyCount "38"]
[EventDate "1976.09.23"]

1. e4 c5 2. Nf3 Nc6 3. d4 cxd4 4. Nxd4 g6 5. Nc3 Bg7 6. Be3 Nf6 7. Bc4 O-O 8.
Bb3 a5 9. f3 d5 10. exd5 Nb4 11. Ndb5 a4 12. Bc4 a3 13. O-O axb2 14. Rb1 Bf5
15. Bb3 Rc8 16. Qd2 Nxc2 17. Bxc2 Bxc2 18. Qxc2 Nxd5 19. Bf2 Nxc3 0-1

[Event "Torneo Internazionale"]
[Site "Agard HUN"]
[Date "1976.09.??"]
[Round "8"]
[White "Paoli, Enrico"]
[Black "Prandstetter, Eduard"]
[Result "1/2-1/2"]
[WhiteElo "2265"]
[BlackElo "2365"]
[PlyCount "92"]
[EventDate "1976.09.23"]

1. e4 c5 2. Nf3 d6 3. d4 cxd4 4. Nxd4 Nf6 5. Nc3 a6 6. Bg5 e6 7. Qd2 Be7 8.
O-O-O O-O 9. f4 b5 10. a3 Bb7 11. Bd3 Nbd7 12. Nb3 Rc8 13. Kb1 Nc5 14. Rhe1
Nxb3 15. cxb3 Nd7 16. Bxe7 Qxe7 17. Bc2 Rfd8 18. Qxd6 Qh4 19. g3 Qxh2 20. Re3
Qf2 21. Red3 Bc6 22. Qe7 Re8 23. Qh4 Nf8 24. R3d2 Qc5 25. Rh2 Qe7 26. Qg4 b4
27. axb4 Qxb4 28. Rdh1 g6 29. Rxh7 Nxh7 30. Qh4 Qd4 31. Qxh7+ Kf8 32. Qh6+ Qg7
33. Qg5 f6 34. Qc5+ Kg8 35. Qe3 Red8 36. g4 Re8 37. f5 exf5 38. gxf5 g5 39. Bd3
Bd7 40. Bc4+ Kf8 41. Be6 Rcd8 42. Bxd7 Rxd7 43. Rh5 Qg8 44. Qh3 Qxb3 45. Rh8+
Ke7 46. Rh7+ Kd8 1/2-1/2

[Event "Torneo Internazionale"]
[Site "Agard HUN"]
[Date "1976.09.??"]
[Round "11"]
[White "Petran, Pal"]
[Black "Paoli, Enrico"]
[Result "1-0"]
[WhiteElo "2415"]
[BlackElo "2265"]
[PlyCount "87"]
[EventDate "1976.09.23"]

1. d4 d5 2. Nf3 Nf6 3. c4 c6 4. e3 e6 5. Bd3 Nbd7 6. O-O Be7 7. b3 O-O 8. Nc3
b6 9. Qe2 Bb7 10. Bb2 Rc8 11. Rac1 Re8 12. Rfd1 Bd6 13. Na4 Qe7 14. Ne5 Ba3 15.
Nxd7 Nxd7 16. Bxa3 Qxa3 17. c5 bxc5 18. Nxc5 Nxc5 19. Rxc5 e5 20. Qd2 e4 21.
Be2 Ra8 22. b4 a5 23. bxa5 Ba6 24. Bxa6 Rxa6 25. Rb1 Kf8 26. h3 Rea8 27. Rb7
R6a7 28. Rxa7 Rxa7 29. Rxc6 Qxa5 30. Qxa5 Rxa5 31. Rc5 Rxa2 32. g4 Ke7 33. Rxd5
f6 34. Rb5 Ra7 35. Kg2 g5 36. h4 h6 37. h5 Ke6 38. Rb8 Kf7 39. Rh8 Kg7 40. Re8
f5 41. gxf5 Kf6 42. Re6+ Kxf5 43. Rxh6 Kg4 44. Rh8 1-0